Denver Nuggets: Top 10 All-Time Leaders - Statistics

General Stats
  • This quiz has been taken 719 times
    65 since last reset
  • The average score is 55 of 109
Answer Stats
Category # Player Amount % Correct
Points 2 Nikola Jokić 17,158
100%
Rebounds 1 Nikola Jokić 8,530
100%
Assists 1 Nikola Jokić 5,734
100%
Steals 3 Nikola Jokić 993
100%
Blocks 8 Nikola Jokić 561
100%
Three Pointers Made 2 Nikola Jokić 881
100%
Field Goal Percent 3 Nikola Jokić 56.2%
100%
Points Per Game 7 Nikola Jokić 22.1
100%
Games 3 Nikola Jokić 777
100%
Triple-Doubles 1 Nikola Jokić 180
100%
Points 4 Carmelo Anthony 13,970
97%
Steals 8 Carmelo Anthony 634
97%
Points Per Game 4 Carmelo Anthony 24.8
97%
Games 8 Carmelo Anthony 564
97%
Triple-Doubles T10 Carmelo Anthony 1
97%
Points 6 Jamal Murray 10,738
97%
Assists 5 Jamal Murray 2,825
97%
Three Pointers Made 1 Jamal Murray 1,286
97%
Games 7 Jamal Murray 579
97%
Triple-Doubles T10 Jamal Murray 1
97%
Field Goal Percent 7 Aaron Gordon 53.8%
90%
Points 1 Alex English 21,645
85%
Rebounds 5 Alex English 4,686
85%
Assists 2 Alex English 3,679
85%
Steals 4 Alex English 854
85%
Blocks T5 Alex English 624
85%
Points Per Game 1 Alex English 25.9
85%
Games 1 Alex English 837
85%
Triple-Doubles 4 Alex English 5
85%
Points Per Game 2 Allen Iverson 25.6
85%
Triple-Doubles 3 Dikembe Mutombo 8
74%
Three Pointers Made 3 Michael Porter Jr. 843
69%
Rebounds 4 Dikembe Mutombo 4,811
67%
Blocks 1 Dikembe Mutombo 1,486
67%
Field Goal Percent 9 Dikembe Mutombo 52.3%
67%
Points 9 Fat Lever 8,081
64%
Rebounds 10 Fat Lever 3,621
64%
Assists 3 Fat Lever 3,566
64%
Steals 1 Fat Lever 1,167
64%
Triple-Doubles 2 Fat Lever 43
64%
Three Pointers Made 10 Chauncey Billups 514
62%
Points 5 David Thompson 11,992
62%
Points Per Game 5 David Thompson 24.1
62%
Points 3 Dan Issel 16,589
54%
Rebounds 2 Dan Issel 6,630
54%
Assists 9 Dan Issel 2,005
54%
Steals 5 Dan Issel 798
54%
Points Per Game 8 Dan Issel 20.7
54%
Games 2 Dan Issel 802
54%
Rebounds 7 Marcus Camby 4,117
51%
Blocks 2 Marcus Camby 1,126
51%
Triple-Doubles T6 Marcus Camby 2
51%
Triple-Doubles T10 Bruce Brown 1
46%
Field Goal Percent 8 Christian Braun 52.3%
46%
Three Pointers Made 5 J.R. Smith 768
46%
Field Goal Percent 6 Kiki Vandeweghe 54.1%
46%
Points Per Game 6 Kiki Vandeweghe 23.3
46%
Points 10 Mahmoud Abdul-Rauf 7,029
46%
Rebounds 9 Kenneth Faried 3,634
44%
Field Goal Percent 5 Kenneth Faried 54.3%
44%
Steals 7 Bobby Jones 660
41%
Blocks 4 Bobby Jones 625
41%
Field Goal Percent 2 Bobby Jones 58.3%
41%
Points Per Game 3 Larry Jones 25.4
41%
Rebounds 8 Nenê 3,859
41%
Steals 6 Nenê 694
41%
Blocks 10 Nenê 508
41%
Field Goal Percent 4 Nenê 56.0%
41%
Games 9 Nenê 555
41%
Steals 9 Reggie Williams 632
41%
Triple-Doubles T10 Reggie Williams 1
41%
Assists 6 Ty Lawson 2,745
36%
Three Pointers Made 9 Danilo Gallinari 535
33%
Assists 4 Andre Miller 2,978
28%
Triple-Doubles T10 Andre Miller 1
28%
Three Pointers Made 7 Gary Harris 565
28%
Blocks 7 Antonio McDyess 604
26%
Triple-Doubles T6 Mark Jackson 2
26%
Three Pointers Made 4 Will Barton 804
26%
Assists 7 Michael Adams 2,181
21%
Steals 10 Michael Adams 602
21%
Three Pointers Made 6 Michael Adams 630
21%
Triple-Doubles T10 Michael Adams 1
21%
Assists 8 Nick Van Exel 2,047
21%
Triple-Doubles T10 Rodney White 1
21%
Three Pointers Made 8 Wilson Chandler 540
18%
Blocks T5 Chris Andersen 624
15%
Triple-Doubles T10 Andre Iguodala 1
13%
Field Goal Percent 1 Mason Plumlee 59.3%
13%
Triple-Doubles 5 Russell Westbrook 4
13%
Field Goal Percent 10 Calvin Natt 52.3%
10%
Points 8 Byron Beck 8,603
8%
Rebounds 3 Byron Beck 5,261
8%
Games 4 Byron Beck 747
8%
Blocks 9 Raef LaFrentz 556
8%
Points 7 Ralph Simpson 10,130
8%
Assists 10 Ralph Simpson 1,950
8%
Points Per Game 10 Ralph Simpson 19.5
8%
Triple-Doubles T6 Robert Pack 2
8%
Triple-Doubles T10 James Posey 1
5%
Blocks 3 Wayne Cooper 830
5%
Games 6 Bill Hanzlik 593
3%
Games 10 Danny Schayes 536
3%
Points Per Game 9 George McGinnis 20.0
3%
Triple-Doubles T6 George McGinnis 2
3%
Steals 2 T.R. Dunn 1,070
3%
Games 5 T.R. Dunn 734
3%
Triple-Doubles T10 Jim Price 1
0%
Rebounds 6 Julius Keye 4,547
0%
No matching quizzes found
Score Distribution
Percent of People with Each Score
Percentile by Number Answered
Your Score History
You have not taken this quiz since the last reset